[Event "BayJEM19 - U16w"]
[Site "?"]
[Date "2019.04.26"]
[Round "7.6"]
[White "Vuckovic, Katarina"]
[Black "Schilay, Maria"]
[Result "1-0"]
[WhiteElo "1501"]
[BlackElo "1580"]
[PlyCount "63"]
[EventDate "2019.??.??"]
[WhiteTeam "Schachfreunde Augsburg"]
[BlackTeam "SK Neumarkt e.V."]

1. e4 e5 2. Nf3 Nc6 3. Bc4 Nf6 4. d3 Bc5 5. c3 Bb6 6. O-O O-O 7. b4 d6 8. a4 a6
9. Qb3 h6 10. h3 Bd7 11. Nh4 Ne7 12. Be3 Bxe3 13. fxe3 Qc8 14. Nd2 Be6 15. Rf2
Bxc4 16. Nxc4 Qe6 17. Qc2 d5 18. exd5 Nexd5 19. Raf1 b5 20. e4 bxc4 21. exd5
Qxd5 22. dxc4 Qxc4 23. Nf5 Rad8 24. Nxh6+ Kh8 25. Nf5 Nd5 26. Rf3 Nxb4 27. Qf2
Nc6 28. Rg3 g6 29. Qe3 Qf4 30. Rxf4 exf4 31. Qxf4 Rd1+ 32. Kh2 1-0

[Event "BayJEM19 - U16w"]
[Site "?"]
[Date "2019.04.26"]
[Round "7.7"]
[White "Röll, Laura"]
[Black "Petzold, Annika"]
[Result "0-1"]
[WhiteElo "1240"]
[BlackElo "1528"]
[PlyCount "76"]
[EventDate "2019.??.??"]
[WhiteTeam "Schach-Club Vaterstetten-Grasbru"]
[BlackTeam "TSV Bindlach Aktionär"]

1. e4 g6 2. d4 Bg7 3. Nf3 d6 4. Nc3 Nf6 5. Bf4 O-O 6. Bc4 c6 7. Qd2 b5 8. Bb3
b4 9. Ne2 Nxe4 10. Qd3 Bf5 11. Qe3 Nf6 12. O-O a5 13. a3 Na6 14. Bc4 Nc7 15.
Bd3 Nfd5 16. Qd2 Nxf4 17. Nxf4 Bxd3 18. Nxd3 bxa3 19. Rxa3 Nb5 20. Ra4 Qb6 21.
c3 Ra7 22. Rfa1 Rd8 23. Nf4 e5 24. Ne2 exd4 25. Nfxd4 Nxd4 26. Nxd4 c5 27. Nc2
Qxb2 28. R1a2 Qxc3 29. Qxc3 Bxc3 30. Ne3 Re8 31. h3 Rb8 32. Nd5 Bb4 33. Ne7+
Rxe7 34. Ra1 Re1+ 35. Rxe1 Bxe1 36. Kf1 Re8 37. Ra1 Bb4 38. Rd1 c4 0-1

[Event "BayJEM19 - U16w"]
[Site "?"]
[Date "2019.04.26"]
[Round "7.8"]
[White "Paoli, Constanze Maria"]
[Black "Goldstein, Elena"]
[Result "1-0"]
[WhiteElo "1457"]
[BlackElo "968"]
[PlyCount "99"]
[EventDate "2019.??.??"]
[WhiteTeam "SC Königsspringer Alzenau e.V"]
[BlackTeam "Spvgg 1946 e.V. Stetten"]

1. e4 e6 2. d4 d5 3. exd5 exd5 4. Bd3 Bd6 5. Qf3 Be6 6. Ne2 c5 7. dxc5 Bxc5 8.
O-O Nc6 9. c3 Qd7 10. Qg3 g6 11. b4 Bd6 12. Bf4 O-O-O 13. Qe3 Nf6 14. b5 Ng4
15. bxc6 bxc6 16. Ba6+ Kb8 17. Qg3 Bxf4 18. Qxf4+ Qc7 19. Qxc7+ Kxc7 20. Nd4
Rb8 21. h3 Nf6 22. Re1 Rhe8 23. Nxe6+ fxe6 24. Kf1 Rb6 25. Bd3 e5 26. f3 e4 27.
fxe4 dxe4 28. Bc4 e3 29. Re2 c5 30. Na3 Re4 31. Rae1 Rb8 32. Rxe3 Rxe3 33. Rxe3
Re8 34. Rxe8 Nxe8 35. Kf2 Nf6 36. Kf3 Kd6 37. Nb5+ Ke5 38. Nxa7 Ne4 39. Nc6+
Kf5 40. g4+ Kg5 41. Kxe4 Kh4 42. a4 Kxh3 43. a5 Kxg4 44. a6 h5 45. a7 h4 46.
a8=Q h3 47. Be6+ Kh4 48. Qh8+ Kg5 49. Ne5 h2 50. Nf7# 1-0

[Event "BayJEM19 - U18w"]
[Site "?"]
[Date "2019.04.22"]
[Round "1.1"]
[White "Walter, Stefanie"]
[Black "Ebert, Caroline"]
[Result "0-1"]
[WhiteElo "1347"]
[BlackElo "1147"]
[PlyCount "46"]
[EventDate "2019.??.??"]
[WhiteTeam "SV Lauf a.d.P."]
[BlackTeam "Aschaffenburg- Schweinheim e.V."]

1. d4 d5 2. Bf4 c5 3. dxc5 Nc6 4. Nf3 f6 5. e3 e5 6. Bg3 Bxc5 7. Nc3 Be6 8. Bb5
Nge7 9. e4 d4 10. Nd5 Nxd5 11. exd5 Bxd5 12. c4 Be6 13. Qa4 Bd7 14. O-O h5 15.
Rfe1 a6 16. Bxe5 fxe5 17. Nxe5 axb5 18. Nxc6+ Kf8 19. Qxb5 Bxc6 20. Qxc5+ Kf7
21. Re5 g6 22. Rae1 Re8 23. a3 d3 0-1

[Event "BayJEM19 - U18w"]
[Site "?"]
[Date "2019.04.22"]
[Round "1.2"]
[White "Heinze, Sabrina"]
[Black "Gauchel, Verena"]
[Result "0-1"]
[WhiteElo "1321"]
[BlackElo "1603"]
[PlyCount "44"]
[EventDate "2019.??.??"]
[WhiteTeam "SC Ammersee"]
[BlackTeam "Schachklub Germering e. V."]

1. d4 Nf6 2. c4 g6 3. Nc3 d5 4. e3 Bg7 5. Nf3 O-O 6. Bd3 dxc4 7. Bxc4 b6 8. O-O
Bb7 9. b3 Nbd7 10. Ba3 c5 11. b4 cxd4 12. Nxd4 Rc8 13. Qb3 Qc7 14. Bxf7+ Rxf7
15. Ncb5 Qb8 16. Rac1 Bd5 17. Qb2 a6 18. Nc3 Ng4 19. g3 Bc4 20. Nce2 Nde5 21.
Rc2 Rcf8 22. h3 Nxe3 0-1

[Event "BayJEM19 - U18w"]
[Site "?"]
[Date "2019.04.22"]
[Round "1.3"]
[White "Funk, Anabel"]
[Black "Sperber, Johanna"]
[Result "1-0"]
[WhiteElo "921"]
[BlackElo "738"]
[PlyCount "87"]
[EventDate "2019.??.??"]
[WhiteTeam "Aschaffenburg- Schweinheim e.V."]
[BlackTeam "SC Windischeschenbach"]

1. d4 d5 2. c4 e6 3. Nc3 Nf6 4. Nf3 Bb4 5. a3 Bxc3+ 6. bxc3 dxc4 7. Bf4 Nc6 8.
e3 Na5 9. Qa4+ c6 10. Rb1 O-O 11. Ne5 b5 12. Qc2 Nd5 13. Be2 Nxf4 14. exf4 Qh4
15. Qe4 Bb7 16. O-O c5 17. Qe3 cxd4 18. Qxd4 Nb3 19. Qe3 Rfd8 20. Bf3 Bxf3 21.
Nxf3 Qe7 22. Qe5 a6 23. Rbd1 Qxa3 24. Rxd8+ Rxd8 25. Qc7 Qa5 26. Qe7 h6 27. Ne5
Qxc3 28. Qxd8+ Kh7 29. Nxf7 a5 30. Qd7 Nd4 31. Nd6 Qb2 32. h3 c3 33. Ne8 Kg6
34. Qxg7+ Kf5 35. Qf6+ Ke4 36. Nd6+ Kd5 37. Qe5+ Kc6 38. Ne4 Ne2+ 39. Kh2 Qb4
40. Qxe6+ Kc7 41. Qe5+ Kc6 42. Rd1 c2 43. Qe6+ Qd6 44. Rxd6+ 1-0

[Event "BayJEM19 - U18w"]
[Site "?"]
[Date "2019.04.22"]
[Round "1.4"]
[White "Gremer, Vanessa"]
[Black "Alferova, Ekaterina"]
[Result "0-1"]
[WhiteElo "834"]
[BlackElo "1709"]
[PlyCount "44"]
[EventDate "2019.??.??"]
[WhiteTeam "Kronacher SK 1882 e.V."]
[BlackTeam "SAbt TuS Fürstenfeldbruck"]

1. d4 Nf6 2. Nc3 e6 3. e3 Bb4 4. Bd2 O-O 5. Nf3 b6 6. e4 Bxc3 7. Bxc3 Nxe4 8.
Bb4 Re8 9. Qe2 Bb7 10. Nd2 Nxd2 11. Bxd2 Nc6 12. Be3 Qf6 13. Qd2 h6 14. Be2 Ne7
15. O-O Qg6 16. g3 Nd5 17. Bd3 Qf6 18. c3 Rab8 19. Rae1 Qf3 20. Qe2 Nxe3 21.
fxe3 Qh1+ 22. Kf2 Qg2# 0-1

[Event "BayJEM19 - U18w"]
[Site "?"]
[Date "2019.04.23"]
[Round "2.1"]
[White "Gremer, Vanessa"]
[Black "Walter, Stefanie"]
[Result "0-1"]
[WhiteElo "834"]
[BlackElo "1347"]
[PlyCount "44"]
[EventDate "2019.??.??"]
[WhiteTeam "Kronacher SK 1882 e.V."]
[BlackTeam "SV Lauf a.d.P."]

1. d4 d5 2. Nc3 Bf5 3. Nf3 e6 4. Bf4 Nc6 5. Nb5 Rc8 6. Qd2 Nf6 7. h3 Qd7 8. Ne5
Nxe5 9. Nxa7 Nc4 10. Qc1 Ra8 11. g4 Bg6 12. g5 Ne4 13. f3 Bb4+ 14. Bd2 Bxd2+
15. Qxd2 Nexd2 16. b3 Nxf1 17. Rxf1 Ne3 18. Rf2 Nxc2+ 19. Kd2 Nxa1 20. Kc1 Rxa7
21. Kb2 Qc6 22. Rf1 Qc2+ 0-1

[Event "BayJEM19 - U18w"]
[Site "?"]
[Date "2019.04.23"]
[Round "2.2"]
[White "Alferova, Ekaterina"]
[Black "Funk, Anabel"]
[Result "1-0"]
[WhiteElo "1709"]
[BlackElo "921"]
[PlyCount "105"]
[EventDate "2019.??.??"]
[WhiteTeam "SAbt TuS Fürstenfeldbruck"]
[BlackTeam "Aschaffenburg- Schweinheim e.V."]

1. d4 d5 2. Bf4 Bf5 3. c3 e6 4. e3 Nf6 5. Bd3 Bxd3 6. Qxd3 Bd6 7. Bg3 b6 8. Nd2
c5 9. Ngf3 Nc6 10. Qb5 Rc8 11. Ne5 Bxe5 12. Bxe5 O-O 13. Bg3 Ne4 14. Qd3 Nd6
15. h4 c4 16. Qe2 b5 17. Qg4 Re8 18. Nf3 Ne4 19. Ng5 h6 20. Nxe4 f5 21. Qg6
dxe4 22. Bf4 Qf6 23. Qxf6 gxf6 24. Bxh6 e5 25. dxe5 fxe5 26. O-O-O Kf7 27. Rd6
Red8 28. Rhd1 Rxd6 29. Rxd6 Ke7 30. Rg6 a5 31. Bg5+ Kf7 32. Rf6+ Kg7 33. Rxf5
Rf8 34. Bh6+ Kxh6 35. Rxf8 b4 36. Rf6+ Kh5 37. Rxc6 Kxh4 38. Rxc4 bxc3 39. bxc3
Kg5 40. Rxe4 Kf5 41. f3 Ke6 42. g4 Kf6 43. c4 Kg5 44. c5 Kh4 45. c6 Kg3 46. c7
Kxf3 47. Rxe5 Kxg4 48. c8=Q+ Kf3 49. Kd2 Kg3 50. Qc4 Kf3 51. Qf4+ Kg2 52. Rg5+
Kh1 53. Qh4# 1-0

[Event "BayJEM19 - U18w"]
[Site "?"]
[Date "2019.04.23"]
[Round "2.3"]
[White "Sperber, Johanna"]
[Black "Heinze, Sabrina"]
[Result "0-1"]
[WhiteElo "738"]
[BlackElo "1321"]
[PlyCount "58"]
[EventDate "2019.??.??"]
[WhiteTeam "SC Windischeschenbach"]
[BlackTeam "SC Ammersee"]

1. e4 e5 2. Nf3 Nc6 3. Bc4 Bc5 4. Nc3 d6 5. h3 Be6 6. Bxe6 fxe6 7. d3 a6 8. O-O
Nf6 9. Bd2 Qd7 10. Na4 Ba7 11. Bc3 b5 12. b3 bxa4 13. bxa4 O-O 14. Rb1 Rab8 15.
Qd2 Nd4 16. Bxd4 exd4 17. c3 Qxa4 18. cxd4 Bxd4 19. Rfc1 c5 20. Rxb8 Rxb8 21.
Rc4 Rb1+ 22. Kh2 Qb5 23. Nxd4 cxd4 24. Rxd4 Qe5+ 25. g3 Qxd4 26. Qc2 Rb2 27.
Qc8+ Kf7 28. Qc7+ Kg6 29. h4 Qxf2+ 0-1

[Event "BayJEM19 - U18w"]
[Site "?"]
[Date "2019.04.23"]
[Round "2.4"]
[White "Gauchel, Verena"]
[Black "Ebert, Caroline"]
[Result "1-0"]
[WhiteElo "1603"]
[BlackElo "1147"]
[PlyCount "81"]
[EventDate "2019.??.??"]
[WhiteTeam "Schachklub Germering e. V."]
[BlackTeam "Aschaffenburg- Schweinheim e.V."]

1. d4 d5 2. c4 c6 3. Nc3 Bf5 4. Bf4 e6 5. cxd5 cxd5 6. Qa4+ Nc6 7. Nf3 f6 8. a3
a6 9. e3 b5 10. Qd1 g5 11. Bg3 g4 12. Nh4 h5 13. b4 Bh7 14. h3 Nh6 15. Rc1 Rc8
16. Ne2 Qb6 17. Nf4 Kf7 18. Nxh5 Rg8 19. Nf4 a5 20. Be2 f5 21. Nd3 Be7 22. Qd2
Ra8 23. Rxc6 Qd8 24. bxa5 Rxa5 25. Ne5+ Kf6 26. hxg4 Nxg4 27. Nxg4+ fxg4 28.
Be5+ Kf7 29. Bc7 Qa8 30. Bxa5 Qxc6 31. Bb4 Bxb4 32. axb4 g3 33. O-O Ke7 34. Bd3
gxf2+ 35. Rxf2 Rh8 36. Bxh7 Rxh7 37. Ng6+ Kd6 38. Qc2 Qc4 39. Ne5 Qxb4 40. Qc6+
Ke7 41. Qd7# 1-0

[Event "BayJEM19 - U18w"]
[Site "?"]
[Date "2019.04.23"]
[Round "3.1"]
[White "Walter, Stefanie"]
[Black "Gauchel, Verena"]
[Result "1/2-1/2"]
[WhiteElo "1347"]
[BlackElo "1603"]
[PlyCount "29"]
[EventDate "2019.??.??"]
[WhiteTeam "SV Lauf a.d.P."]
[BlackTeam "Schachklub Germering e. V."]

1. d4 Nf6 2. Bf4 g6 3. e3 Bg7 4. Nf3 d5 5. c4 O-O 6. Nc3 c6 7. Qb3 dxc4 8. Bxc4
Qb6 9. O-O Bf5 10. Qa3 Re8 11. d5 cxd5 12. Bxd5 Nxd5 13. Nxd5 Qxb2 14. Qa4 Na6
15. e4 1/2-1/2

[Event "BayJEM19 - U18w"]
[Site "?"]
[Date "2019.04.23"]
[Round "3.2"]
[White "Ebert, Caroline"]
[Black "Sperber, Johanna"]
[Result "1/2-1/2"]
[WhiteElo "1147"]
[BlackElo "738"]
[PlyCount "43"]
[EventDate "2019.??.??"]
[WhiteTeam "Aschaffenburg- Schweinheim e.V."]
[BlackTeam "SC Windischeschenbach"]

1. d4 d5 2. c4 e6 3. Nc3 Nf6 4. Bf4 Bb4 5. a3 Bxc3+ 6. bxc3 dxc4 7. Qa4+ Qd7 8.
Qxc4 O-O 9. e3 b6 10. Qb3 Nc6 11. Qb1 Re8 12. Nf3 Nd5 13. Bg3 Nxc3 14. Qc2 Nd5
15. Rb1 Na5 16. Ne5 Qd6 17. Bb5 Rf8 18. Nd7 Qxa3 19. Nxf8 Qxf8 20. Qd2 Qa3 21.
O-O Bb7 22. Qd3 1/2-1/2

[Event "BayJEM19 - U18w"]
[Site "?"]
[Date "2019.04.23"]
[Round "3.3"]
[White "Heinze, Sabrina"]
[Black "Alferova, Ekaterina"]
[Result "0-1"]
[WhiteElo "1321"]
[BlackElo "1709"]
[PlyCount "90"]
[EventDate "2019.??.??"]
[WhiteTeam "SC Ammersee"]
[BlackTeam "SAbt TuS Fürstenfeldbruck"]

1. d4 Nf6 2. c4 e6 3. Nc3 Bb4 4. Bd2 O-O 5. e3 d5 6. a3 Bxc3 7. Bxc3 Ne4 8. Bd3
Nxc3 9. bxc3 b6 10. cxd5 Qxd5 11. Qf3 Qxf3 12. Nxf3 Bb7 13. e4 Nd7 14. O-O c5
15. Rfe1 Rac8 16. Bb5 Rfd8 17. Rac1 Nf6 18. e5 Nd5 19. Nd2 cxd4 20. cxd4 Nc3
21. Bf1 Rxd4 22. Nb3 Ra4 23. Re3 Nd5 24. Rxc8+ Bxc8 25. Re2 Rxa3 26. Rc2 Bb7
27. Nd4 Ra1 28. Ne2 h6 29. h3 Ba6 30. Rc1 Rxc1 31. Nxc1 Bxf1 32. Kxf1 Kf8 33.
Ke1 Ke7 34. Kd2 Kd7 35. g3 a5 36. Kc2 Kc6 37. Nb3 a4 38. Na1 b5 39. Kb2 b4 40.
Nc2 Kc5 41. f4 Kc4 42. Ka1 Kc3 43. Kb1 a3 44. Na1 b3 45. Kc1 a2 0-1

[Event "BayJEM19 - U18w"]
[Site "?"]
[Date "2019.04.23"]
[Round "3.4"]
[White "Funk, Anabel"]
[Black "Gremer, Vanessa"]
[Result "1-0"]
[WhiteElo "921"]
[BlackElo "834"]
[PlyCount "47"]
[EventDate "2019.??.??"]
[WhiteTeam "Aschaffenburg- Schweinheim e.V."]
[BlackTeam "Kronacher SK 1882 e.V."]

1. d4 d5 2. c4 Nf6 3. Nc3 dxc4 4. e4 e6 5. Bxc4 Nc6 6. Nf3 Be7 7. O-O O-O 8.
Bf4 a6 9. a3 Rb8 10. b4 b5 11. Bb3 Bb7 12. Re1 Nh5 13. Be3 Bd6 14. e5 Be7 15.
Qd2 a5 16. bxa5 Nxa5 17. Bc2 c6 18. Bg5 Nc4 19. Qd3 f6 20. Qxh7+ Kf7 21. Qxh5+
Kg8 22. Bh7+ Kh8 23. Bg6+ Kg8 24. Qh7# 1-0

[Event "BayJEM19 - U18w"]
[Site "?"]
[Date "2019.04.24"]
[Round "4.1"]
[White "Funk, Anabel"]
[Black "Walter, Stefanie"]
[Result "1-0"]
[WhiteElo "921"]
[BlackElo "1347"]
[PlyCount "29"]
[EventDate "2019.??.??"]
[WhiteTeam "Aschaffenburg- Schweinheim e.V."]
[BlackTeam "SV Lauf a.d.P."]

1. d4 d5 2. c4 Bf5 3. Nc3 e6 4. Bf4 Nc6 5. Nf3 Nf6 6. e3 b6 7. Qa4 Qd7 8. cxd5
Nxd5 9. Nxd5 Qxd5 10. Bb5 Be4 11. Ne5 Qxb5 12. Qxb5 a6 13. Qb3 Nb4 14. O-O Bd5
15. Qa4+ 1-0

[Event "BayJEM19 - U18w"]
[Site "?"]
[Date "2019.04.24"]
[Round "4.2"]
[White "Gremer, Vanessa"]
[Black "Heinze, Sabrina"]
[Result "0-1"]
[WhiteElo "834"]
[BlackElo "1321"]
[PlyCount "84"]
[EventDate "2019.??.??"]
[WhiteTeam "Kronacher SK 1882 e.V."]
[BlackTeam "SC Ammersee"]

1. e4 e5 2. Nf3 Nc6 3. Nc3 Bc5 4. Qe2 d6 5. Na4 Bb6 6. c3 Bg4 7. d3 Nf6 8. Bg5
h6 9. Be3 Bxe3 10. Qxe3 b5 11. b3 bxa4 12. d4 exd4 13. cxd4 axb3 14. axb3 O-O
15. Bd3 Re8 16. Rc1 Nd5 17. exd5 Rxe3+ 18. fxe3 Qe8 19. e4 Bxf3 20. gxf3 Nxd4
21. Rf1 Rb8 22. Rd1 Rxb3 23. Kd2 Qa4 24. Ke3 Nc2+ 25. Kf4 g5+ 26. Kf5 Ne3+ 27.
Kf6 Nxf1 28. Bxf1 Rxf3+ 29. Ke7 Qxd1 30. Bb5 Qd4 31. Bc6 f5 32. exf5 Rxf5 33.
Ke6 Qe5+ 34. Kd7 Rf7+ 35. Kc8 Qb2 36. Bb7 Rf8+ 37. Kxc7 Rf7+ 38. Kc6 Qxb7+ 39.
Kxd6 Rd7+ 40. Ke5 Qxd5+ 41. Kf6 Rd6+ 42. Ke7 Qe6# 0-1

[Event "BayJEM19 - U18w"]
[Site "?"]
[Date "2019.04.24"]
[Round "4.3"]
[White "Alferova, Ekaterina"]
[Black "Ebert, Caroline"]
[Result "1-0"]
[WhiteElo "1709"]
[BlackElo "1147"]
[PlyCount "61"]
[EventDate "2019.??.??"]
[WhiteTeam "SAbt TuS Fürstenfeldbruck"]
[BlackTeam "Aschaffenburg- Schweinheim e.V."]

1. d4 d5 2. Bf4 Bf5 3. c3 e6 4. e3 Nd7 5. Bd3 Bg6 6. Nf3 f6 7. Qc2 Ne7 8. Nbd2
a6 9. Bg3 c5 10. Bd6 Bxd3 11. Qxd3 c4 12. Qc2 Qb6 13. Bg3 f5 14. Ne5 g5 15. Qa4
Nc6 16. Nxc6 bxc6 17. Rb1 a5 18. Qd1 h6 19. Qh5+ Ke7 20. Qg6 Kd8 21. Qxe6 Bg7
22. Qxf5 Bf6 23. Nf3 Ke7 24. h4 Rag8 25. Ne5 Nxe5 26. Bxe5 Bxe5 27. Qxe5+ Kd7
28. hxg5 h5 29. Qf5+ Kc7 30. g6 Rh6 31. Qf7+ 1-0

[Event "BayJEM19 - U18w"]
[Site "?"]
[Date "2019.04.24"]
[Round "4.4"]
[White "Sperber, Johanna"]
[Black "Gauchel, Verena"]
[Result "0-1"]
[WhiteElo "738"]
[BlackElo "1603"]
[PlyCount "56"]
[EventDate "2019.??.??"]
[WhiteTeam "SC Windischeschenbach"]
[BlackTeam "Schachklub Germering e. V."]

1. e4 c5 2. Nf3 Nc6 3. Bc4 h6 4. d3 d6 5. Be3 Bg4 6. h3 Bh5 7. O-O Nf6 8. Nc3
e6 9. a3 Be7 10. Bb5 O-O 11. Bxc6 bxc6 12. b4 cxb4 13. axb4 a6 14. Ne2 d5 15.
Nf4 Bxf3 16. Qxf3 Bxb4 17. Bd4 dxe4 18. dxe4 Qxd4 19. Ra4 a5 20. Ne2 Qxe4 21.
Qxe4 Nxe4 22. Nd4 Nc3 23. Raa1 Rfc8 24. Rfe1 Nb5 25. Nxb5 Bxe1 26. Rxe1 cxb5
27. Rc1 b4 28. g3 a4 0-1

[Event "BayJEM19 - U18w"]
[Site "?"]
[Date "2019.04.25"]
[Round "5.1"]
[White "Walter, Stefanie"]
[Black "Sperber, Johanna"]
[Result "1-0"]
[WhiteElo "1347"]
[BlackElo "738"]
[PlyCount "89"]
[EventDate "2019.??.??"]
[WhiteTeam "SV Lauf a.d.P."]
[BlackTeam "SC Windischeschenbach"]

1. d4 d5 2. Bf4 Nc6 3. e3 a6 4. c4 e6 5. Nf3 Bb4+ 6. Nc3 Nf6 7. Ne5 Nxe5 8.
dxe5 Ne4 9. Qa4+ b5 10. Qxb4 Nxc3 11. Qxc3 dxc4 12. Rd1 Qh4 13. b3 c6 14. bxc4
O-O 15. cxb5 cxb5 16. g3 Qg4 17. Bg2 Rb8 18. Qc7 Bb7 19. Bxb7 a5 20. Rd7 a4 21.
O-O h6 22. Rfd1 g5 23. Rd8 Rbxd8 24. Rxd8 Rxd8 25. Qxd8+ Kg7 26. Qf6+ Kg8 27.
Qxh6 gxf4 28. Qxf4 Qxf4 29. exf4 b4 30. Be4 Kg7 31. g4 a3 32. Bc2 Kf8 33. h4 f5
34. gxf5 exf5 35. h5 Kg8 36. e6 Kf8 37. h6 Ke7 38. h7 Kxe6 39. h8=Q Kd5 40.
Qg8+ Kd4 41. Qb3 Kc5 42. Bxf5 Kb5 43. Kf1 Kc5 44. Bd3 Kd4 45. Qc4# 1-0

[Event "BayJEM19 - U18w"]
[Site "?"]
[Date "2019.04.25"]
[Round "5.2"]
[White "Gauchel, Verena"]
[Black "Alferova, Ekaterina"]
[Result "1/2-1/2"]
[WhiteElo "1603"]
[BlackElo "1709"]
[PlyCount "27"]
[EventDate "2019.??.??"]
[WhiteTeam "Schachklub Germering e. V."]
[BlackTeam "SAbt TuS Fürstenfeldbruck"]

1. d4 Nf6 2. c4 e6 3. Bg5 Bb4+ 4. Nc3 h6 5. Bxf6 Qxf6 6. e3 O-O 7. Nf3 b6 8. g3
Bb7 9. Bg2 d6 10. O-O Bxc3 11. bxc3 Rd8 12. Nd2 Bxg2 13. Kxg2 Nd7 14. Qf3
1/2-1/2

[Event "BayJEM19 - U18w"]
[Site "?"]
[Date "2019.04.25"]
[Round "5.3"]
[White "Ebert, Caroline"]
[Black "Gremer, Vanessa"]
[Result "1-0"]
[WhiteElo "1147"]
[BlackElo "834"]
[PlyCount "57"]
[EventDate "2019.??.??"]
[WhiteTeam "Aschaffenburg- Schweinheim e.V."]
[BlackTeam "Kronacher SK 1882 e.V."]

1. d4 d5 2. c4 e6 3. Bf4 Nf6 4. Nc3 dxc4 5. e3 Nc6 6. Bxc4 Be7 7. a3 O-O 8. Qf3
Na5 9. Bd3 Bd7 10. Rb1 Bc6 11. Qh3 g6 12. b4 Nd5 13. Nxd5 Qxd5 14. Nf3 Ba4 15.
bxa5 Qxa5+ 16. Ke2 Qc3 17. Rhc1 Qxa3 18. Rxc7 Rac8 19. Rbxb7 Qa2+ 20. Nd2 Ba3
21. Rxc8 Rxc8 22. Rxa7 Rc1 23. Rxa4 Qa1 24. Ra8+ Kg7 25. Qh6+ Kf6 26. Be5+ Ke7
27. Ra7+ Kd8 28. Qg5+ Kc8 29. Ba6# 1-0

[Event "BayJEM19 - U18w"]
[Site "?"]
[Date "2019.04.25"]
[Round "5.4"]
[White "Heinze, Sabrina"]
[Black "Funk, Anabel"]
[Result "1/2-1/2"]
[WhiteElo "1321"]
[BlackElo "921"]
[PlyCount "71"]
[EventDate "2019.??.??"]
[WhiteTeam "SC Ammersee"]
[BlackTeam "Aschaffenburg- Schweinheim e.V."]

1. d4 d5 2. c4 Nf6 3. Nc3 Bf5 4. e3 e6 5. c5 c6 6. Nf3 Be7 7. h3 Ne4 8. Nxe4
Bxe4 9. Bd3 Bxd3 10. Qxd3 Nd7 11. O-O b5 12. b4 Bg5 13. e4 Bxc1 14. Raxc1 O-O
15. exd5 exd5 16. Rfe1 Qf6 17. Ne5 Nxe5 18. Rxe5 Rfe8 19. Rce1 Re6 20. R1e3
Rae8 21. Rf3 Qe7 22. Rxe6 fxe6 23. Re3 Qf6 24. Re5 g5 25. Qg3 h6 26. h4 Qf4 27.
hxg5 Qxg3 28. fxg3 hxg5 29. Rxg5+ Kf7 30. Kf2 Kf6 31. Re5 Kg6 32. Kf3 a6 33.
Kf4 Rf8+ 34. Kg4 Kf6 35. Rh5 Kg6 36. Re5 1/2-1/2

[Event "BayJEM19 - U18w"]
[Site "?"]
[Date "2019.04.25"]
[Round "6.1"]
[White "Heinze, Sabrina"]
[Black "Walter, Stefanie"]
[Result "1-0"]
[WhiteElo "1321"]
[BlackElo "1347"]
[PlyCount "63"]
[EventDate "2019.??.??"]
[WhiteTeam "SC Ammersee"]
[BlackTeam "SV Lauf a.d.P."]

1. d4 d5 2. c4 Bf5 3. Nc3 e6 4. e3 Nc6 5. Qb3 Nb4 6. e4 dxe4 7. Be3 Nf6 8. Nge2
Ng4 9. Ng3 Nxe3 10. fxe3 Bg4 11. Ncxe4 Qh4 12. Bd3 Qh6 13. Be2 f5 14. Bxg4 fxe4
15. Nxe4 a5 16. c5 Nd5 17. Qb5+ Ke7 18. Qb3 a4 19. Qa3 Kd8 20. Ke2 b6 21. Qd3
Ra5 22. Rac1 Be7 23. cxb6 Nxb6 24. Nc5 Ke8 25. Nxe6 Nd5 26. Nxc7+ Nxc7 27. Rxc7
Rf8 28. Rc8+ Kf7 29. Rf1+ Kg8 30. Qc4+ Kh8 31. Rfxf8+ Bxf8 32. Rxf8# 1-0

[Event "BayJEM19 - U18w"]
[Site "?"]
[Date "2019.04.25"]
[Round "6.2"]
[White "Funk, Anabel"]
[Black "Ebert, Caroline"]
[Result "1/2-1/2"]
[WhiteElo "921"]
[BlackElo "1147"]
[PlyCount "34"]
[EventDate "2019.??.??"]
[WhiteTeam "Aschaffenburg- Schweinheim e.V."]
[BlackTeam "Aschaffenburg- Schweinheim e.V."]

1. d4 d5 2. c4 c6 3. Nc3 Nf6 4. Nf3 Bf5 5. Bf4 e6 6. e3 Nbd7 7. cxd5 exd5 8.
Bd3 Bg6 9. O-O Nb6 10. b3 Bd6 11. Bxd6 Qxd6 12. Ne5 Qc7 13. Re1 a6 14. e4 O-O-O
15. Qf3 c5 16. Rac1 Kb8 17. Qe3 Rc8 1/2-1/2

[Event "BayJEM19 - U18w"]
[Site "?"]
[Date "2019.04.25"]
[Round "6.3"]
[White "Gremer, Vanessa"]
[Black "Gauchel, Verena"]
[Result "0-1"]
[WhiteElo "834"]
[BlackElo "1603"]
[PlyCount "52"]
[EventDate "2019.??.??"]
[WhiteTeam "Kronacher SK 1882 e.V."]
[BlackTeam "Schachklub Germering e. V."]

1. d4 Nf6 2. Nc3 d5 3. Nf3 g6 4. e3 Bg7 5. Bd3 O-O 6. O-O b6 7. b3 Bb7 8. Ne2
Nbd7 9. Ba3 Re8 10. Nf4 c5 11. c3 Rc8 12. Qc2 Qc7 13. Nh4 g5 14. Nf5 gxf4 15.
Nxg7 Kxg7 16. Bc1 cxd4 17. Re1 Qxc3 18. Bd2 Qxc2 19. Bxc2 Rxc2 20. Red1 dxe3
21. fxe3 fxe3 22. Bxe3 e5 23. Rf1 d4 24. Bg5 Rxg2+ 25. Kh1 Rxg5+ 26. Rf3 Bxf3#
0-1

[Event "BayJEM19 - U18w"]
[Site "?"]
[Date "2019.04.25"]
[Round "6.4"]
[White "Alferova, Ekaterina"]
[Black "Sperber, Johanna"]
[Result "1-0"]
[WhiteElo "1709"]
[BlackElo "738"]
[PlyCount "69"]
[EventDate "2019.??.??"]
[WhiteTeam "SAbt TuS Fürstenfeldbruck"]
[BlackTeam "SC Windischeschenbach"]

1. d4 d5 2. Bf4 Nf6 3. e3 Bf5 4. Bd3 e6 5. Nf3 Bd6 6. Bg3 O-O 7. c3 Nc6 8. Qc2
Ne4 9. Nbd2 Nxg3 10. hxg3 Ne7 11. Bxf5 exf5 12. g4 Qd7 13. O-O-O c5 14. Rh3 b6
15. Rdh1 h6 16. g5 Qe6 17. gxh6 gxh6 18. Rxh6 Ng6 19. Nh4 cxd4 20. Nxf5 dxe3
21. fxe3 Rfe8 22. Rh7 Be5 23. R1h6 Rac8 24. Nf3 Bf6 25. g4 Nf8 26. Rh8+ Bxh8
27. Rxe6 Rxe6 28. Ng5 Re5 29. Qh2 Ree8 30. Nh6+ Kg7 31. Nhxf7 Ng6 32. Nd6 Rcd8
33. Nxe8+ Rxe8 34. Qh7+ Kf8 35. Qf7# 1-0

[Event "BayJEM19 - U18w"]
[Site "?"]
[Date "2019.04.26"]
[Round "7.1"]
[White "Walter, Stefanie"]
[Black "Alferova, Ekaterina"]
[Result "0-1"]
[WhiteElo "1347"]
[BlackElo "1709"]
[PlyCount "58"]
[EventDate "2019.??.??"]
[WhiteTeam "SV Lauf a.d.P."]
[BlackTeam "SAbt TuS Fürstenfeldbruck"]

1. d4 Nf6 2. Bf4 d5 3. e3 Bf5 4. Nf3 e6 5. c4 c6 6. c5 Be7 7. Qb3 Qc8 8. Nc3
Nbd7 9. Rc1 O-O 10. Be2 Re8 11. O-O a6 12. Na4 Bd8 13. Ne5 Nxe5 14. Bxe5 Nd7
15. Bd6 Bc7 16. e4 Bxe4 17. Qg3 Bxd6 18. Qxd6 Qd8 19. b4 Nf6 20. Nb6 Qxd6 21.
cxd6 Rad8 22. b5 axb5 23. f3 Bg6 24. d7 Nxd7 25. Nxd7 Rxd7 26. Rc5 Ra8 27. Rfc1
Rdd8 28. f4 h6 29. Ra1 Ra3 0-1

[Event "BayJEM19 - U18w"]
[Site "?"]
[Date "2019.04.26"]
[Round "7.2"]
[White "Sperber, Johanna"]
[Black "Gremer, Vanessa"]
[Result "1-0"]
[WhiteElo "738"]
[BlackElo "834"]
[PlyCount "69"]
[EventDate "2019.??.??"]
[WhiteTeam "SC Windischeschenbach"]
[BlackTeam "Kronacher SK 1882 e.V."]

1. e4 e5 2. Nf3 Nc6 3. Bc4 Nh6 4. d3 Bc5 5. h3 Qe7 6. Bg5 Qd6 7. Nc3 a6 8. O-O
Nd4 9. Bxh6 Qxh6 10. Nxd4 Bxd4 11. Nd5 c6 12. Nc7+ Kd8 13. Nxa8 d5 14. exd5 Qd6
15. dxc6 Qxc6 16. Bxf7 b6 17. c3 Bb7 18. Qg4 Bxa8 19. cxd4 Rf8 20. Qg5+ Kc7 21.
Qxg7 exd4 22. Rac1 Rd8 23. Rxc6+ Bxc6 24. Bd5+ Rd7 25. Qe5+ Kb7 26. Bxc6+ Kxc6
27. Rc1+ Kb7 28. Qe4+ Ka7 29. Qc6 Rb7 30. Qc8 a5 31. Rc7 Ka6 32. Qxb7+ Kb5 33.
Rxh7 a4 34. Rh5+ Kb4 35. Qxb6# 1-0